<?xml version="1.0" encoding="UTF-8"?>
<record
    xmlns:xsi="http://www.w3.org/2001/XMLSchema-instance"
    xsi:schemaLocation="http://www.loc.gov/MARC21/slim http://www.loc.gov/standards/marcxml/schema/MARC21slim.xsd"
    xmlns="http://www.loc.gov/MARC21/slim">

  <leader>00947nam a2200157Ia 4500</leader>
  <controlfield tag="008">120626s9999    xx            000 0 und d</controlfield>
  <datafield tag="020" ind1=" " ind2=" ">
    <subfield code="a">970-26-0962-3 \ 978-970-26-0962-9</subfield>
  </datafield>
  <datafield tag="050" ind1=" " ind2=" ">
    <subfield code="a">QA304 C66 2006</subfield>
  </datafield>
  <datafield tag="245" ind1=" " ind2=" ">
    <subfield code="a">Conocimientos fundamentales de matem&#xE1;ticas : c&#xE1;lculo diferencial e integral / coordinaci&#xF3;n: Elena de Oteyza de Oteyza... [ et al.]</subfield>
  </datafield>
  <datafield tag="260" ind1=" " ind2=" ">
    <subfield code="a">M&#xE9;xico : UNAM : Pearson Educaci&#xF3;n</subfield>
  </datafield>
  <datafield tag="300" ind1=" " ind2=" ">
    <subfield code="a">xiv, 420 p. : gr&#xE1;ficas, tablas ; 27 cm.</subfield>
  </datafield>
  <datafield tag="440" ind1=" " ind2=" ">
    <subfield code="a">Colecci&#xF3;n Conocimientos Fundamentales</subfield>
  </datafield>
  <datafield tag="500" ind1=" " ind2=" ">
    <subfield code="a">Contiene: &#xED;ndice de materias \ Cada cap&#xED;tulo incluye: ejercicio, resumen y ejercicios de repaso \ Ap&#xE9;ndice: respuestas de los ejercicios impares</subfield>
  </datafield>
  <datafield tag="650" ind1=" " ind2=" ">
    <subfield code="a">C&#xC1;LCULO DIFERENCIAL \ C&#xC1;LCULO INTEGRAL \ FUNCIONES \ L&#xCD;MITES \ LOGARITMOS - EXPONENCIALES</subfield>
  </datafield>
  <datafield tag="700" ind1=" " ind2=" ">
    <subfield code="a">OTEYZA DE OTEYZA, Elena de (coord.) \ LAM OSNAYA, Emma (coord.) \ HERN&#xC1;NDEZ GARCIADIEGO, Carlos (coord.) \ CARRILLO HOYO, &#xC1;ngel Manuel (coord.) \ Ser.&#xCC;</subfield>
  </datafield>
  <datafield tag="952" ind1=" " ind2=" ">
    <subfield code="0">0</subfield>
    <subfield code="1">0</subfield>
    <subfield code="2">ddc</subfield>
    <subfield code="4">0</subfield>
    <subfield code="7">0</subfield>
    <subfield code="a">22</subfield>
    <subfield code="b">22</subfield>
    <subfield code="d">2010-11-10</subfield>
    <subfield code="l">0</subfield>
    <subfield code="o">QA304 C66 2006</subfield>
    <subfield code="p">17 000908</subfield>
    <subfield code="r">2023-08-01</subfield>
    <subfield code="t">1</subfield>
    <subfield code="w">2012-06-26</subfield>
    <subfield code="y">LB</subfield>
    <subfield code="f"></subfield>
  </datafield>
  <datafield tag="999" ind1=" " ind2=" ">
    <subfield code="c">73559</subfield>
    <subfield code="d">73559</subfield>
  </datafield>
</record>
